Kraje uczestnicze na EURO - Statystyki

Ogólne statystyki
  • Ten quiz został rozwiązany 90 razy
    65 od ostatniego zresetowania
  • Średni wynik to 31 z 35
Statystyki odpowiedzi
Najwyzy wynik liczba uczestniczenia Reprezentacja % Poprawnych
Mistrzostwo 13 RFN / Niemcy
100%
Mistrzostwo 10 Francja
98%
Mistrzostwo 11 Hiszpania
98%
Mistrzostwo 10 Portugalia
98%
Mistrzostwo 11 Włochy
98%
Drugie Miejsce 6 Belgia
96%
Ćwierćfinał 4 Polska
96%
Mistrzostwo 12 ZSRR / Rosja/Wspólnoty Niepodległych Państw
96%
Drugie Miejsce 10 Anglia
95%
Mistrzostwo 10 Czechosłowacja / Czechy
95%
Półfinał 10 Holandia
95%
1/8 finalu 2 Słowacja
91%
Ćwierćfinał 3 Ukraina
91%
Faza Grupowa 3 Ukraina
91%
Mistrzostwo 4 Grecja
89%
1/8 finalu 3 Irlandia
89%
1/8 finalu 1 Irlandia Północna
89%
Półfinał 7 Szwecja
89%
Ćwierćfinał 3 Austria
87%
Mistrzostwo 9 Dania
87%
Ćwierćfinał 5 Szwajcaria
87%
Ćwierćfinał 6 Chorwacja
85%
Faza Grupowa 1 Finlandia
85%
Ćwierćfinał 1 Islandia
85%
1/8 finalu 1 Norwegia
85%
Ćwierćfinał 5 Rumunia
85%
Półfinał 5 Turcja
85%
Faza Grupowa 1 Łotwa
84%
Półfinał 2 Walia
84%
Faza Grupowa 3 Szkocja
82%
Trzecie Miejsce 4 Węgry
82%
Ćwierćfinał 2 Bułgaria
78%
Faza Grupowa 1 Słowenia
75%
Faza Grupowa 1 Macedonii Północna
62%
Drugie Miejsce 5 Jugosławia
58%
Nie znaleziono quizów pasujących do podanych kryteriów
Rozkład punktacji
Procent ludzi z każdym wynikiem
Percentyl według liczby udzielonych odpowiedzi
Twoja historia wyników
Nie rozwiązałeś tego quizu od ostatniego zresetowania